Divino Giovanni... : lettere a Comisso, 1919-1951 /
I tiakina i:
| Kaituhi matua: | |
|---|---|
| Ētahi atu kaituhi: | , |
| Hōputu: | Pukapuka |
| Reo: | Itāriana |
| I whakaputaina: |
Venezia :
Marsilio,
1988
|
| Rangatū: | 900
|
| Ngā marau: | |
| Ngā Tūtohu: |
Kāore He Tūtohu, Me noho koe te mea tuatahi ki te tūtohu i tēnei pūkete!
|
MARC
| LEADER | 00000nam a2200000 i 4500 | ||
|---|---|---|---|
| 001 | IT\ICCU\CFI\0153453 | ||
| 003 | ItRI | ||
| 005 | 20260115231905.0 | ||
| 008 | 910419s1988 it |||||| ||||| |||||c | ||
| 015 | |2 IT |a 91-1953 | ||
| 020 | |a 8831750593 | ||
| 040 | |b ita |c importazione bologna sebina | ||
| 041 | 7 | |a ita |2 ISO-639-2 | |
| 082 | |a 759.5 |9 PITTURA. ITALIA |2 19 | ||
| 100 | 1 | |a De Pisis, Filippo |0 IT\ICCU\CFIV\006523 |4 aut | |
| 245 | 1 | 0 | |a Divino Giovanni... : |b lettere a Comisso, 1919-1951 / |c Filippo de Pisis ; \a cura di Bona de Pisis e Sandro Zanotto!. |
| 260 | |a Venezia : |b Marsilio, |c 1988 | ||
| 300 | |a 253 p. ; |c 18 cm. | ||
| 650 | 7 | |a Comisso, Giovanni | |
| 650 | 7 | |a De Pisis, Filippo |x Lettere a G. Comisso |2 scbi | |
| 700 | 1 | |a De Pisis, Bona |0 IT\ICCU\CFIV\062154 | |
| 700 | 1 | |a Zanotto, Sandro |0 IT\ICCU\CFIV\043636 | |
| 790 | 1 | |a Mandiargues, Bona : de |3 IT\ICCU\PUVV\471601 |z De Pisis, Bona | |
| 790 | 1 | |a Tibertelli de Pisis, Bona, |d (1926-2000) |3 IT\ICCU\PUVV\471602 |z De Pisis, Bona | |
| 790 | 1 | |a Tibertelli De Pisis, Luigi Filippo |3 IT\ICCU\CFIV\006524 |z De Pisis, Filippo | |
| 830 | 0 | |a 900 |0 IT\ICCU\CFI\0022478 | |
| 942 | |2 ddc |c BK |n 0 | ||
| 952 | |0 0 |1 0 |4 0 |6 DOC_759_509000000000000_DEP |7 0 |9 15497 |a BO |b BO |d 2026-01-15 |i 1536 |l 0 |o DOC 759.509 DEP |p BO1536 |r 2026-01-15 23:19:05 |w 2026-01-15 |x [Sebina 5] [1 v.] |y BK |z 1 v. | ||
| 952 | |0 0 |1 0 |4 0 |6 DOC_759_509000000000000_DEP |7 0 |9 15498 |a BO |b BO |d 2026-01-15 |i 8345 |l 0 |o DOC 759.509 DEP |p BO8345 |r 2026-01-15 23:19:05 |w 2026-01-15 |x [Sebina 5] [1 v.] |y BK |z 1 v. | ||
| 999 | |c 13342 |d 13342 | ||